The usborne illustrated dictionary of chemistry
| Main Author: | |
|---|---|
| Other Authors: | , |
| Format: | Book |
| Published: |
London :
Usborne Publishing Ltd. ,
2006
|
| Subjects: |
MARC
| LEADER | 00000cam a2200000 7i4500 | ||
|---|---|---|---|
| 001 | 0000169788 | ||
| 005 | 20130812.0 | ||
| 020 | |a 9781409539117 | ||
| 090 | 0 | 0 | |a 540.3 |b WER |
| 100 | 1 | |a Wertheim, Jane | |
| 245 | 1 | 4 | |a The usborne illustrated dictionary of chemistry |c Jane Wertheim, Chris Oxdale and Corinne Stockley |
| 260 | |a London : |b Usborne Publishing Ltd. , |c 2006 | ||
| 300 | |a 128p. ; |c 24cm. | ||
| 650 | 0 | 0 | |a Chemistry |x Dictionaries |
| 700 | 1 | |a Oxdale, Chris | |
| 700 | 1 | |a Stockley, Corinne | |
| 999 | |a 00276542 |b BUKU |c PINJAMAN |e PERPUSTAKAAN KOMUNITI PETALING JAYA | ||